000 00548nam a2200205 4500
003 OSt
005 20260601193849.0
008 260508b1971 |||ad||| |||| 001 0 spa d
020 _a067297360X
040 _aICI
_bspa
_cICI
050 0 _aTS250
_bB83
100 1 _aS. Budziik, Richard
_931941
245 1 _aSheet Metal Technology
264 _bhoward W Sams Co
_c1971
_aEstados Unidos de América
300 _a320 páginas
336 _atexto
_2rdacontent
337 _asin medio
_2rdamedia
338 _avolumen
_2rdacarrier
942 _2lcc
_cB
_n1
999 _c21772
_d21772